000 01239nam a2200361Ia 4500
001 734
003 WAA
005 20260331063947.0
006 a||||fr|||| 001 0
007 ta
008 t sp-||1980||||ag 1 0 rpa d s sospa
020 _a8432120251
040 _cWAA
_aWAA
_dAR-MoUNM
041 _aspa
082 0 _220
_bSELL 468
_a300.72
100 1 _96897
_aSelltiz, Claire
245 0 0 _aMétodos de investigación en las relaciones sociales /
_cClaire Selltiz ; Lawrence S. Wrightsman ; Stuart. W. Cook.
250 _a9a ed.
260 3 0 _aMadrid :
_bRialp,
_c1980.
300 _a826 p. ;
_c23 cm.
_btablas ;
490 0 _a(Biblioteca de Educación y Ciencias sociales. Técnicas y estudios experimentales ;
_v6)
500 _aTítulo original: Research methods in social relations.
504 _aIncluye referencias bibiliográficas e índice (p.777-826)
650 7 _2unescot
_aINVESTIGACION SOCIAL
_91138
650 7 _2unescot
_aSOCIOLOGIA
_929
650 7 _2unescot
_aMETODO CIENTIFICO
_91586
650 7 _aMETODOLOGIA
_2unescot
_91135
650 7 _aCIENCIAS SOCIALES
_2unescot
_9676
650 7 _2mpirdes
_aSOCIEDAD
_9247
700 1 _aCook, Stuart W.
_96899
700 1 _aWrightsman, Lawrence S.
_96898
942 _cLIBRO
999 _c16829
_d16830